00860nam a2200157Ia 4500008004100000100001900041245005300060260002900113300000800142650003900150942001500189999001500204952016100219952016100380952016100541191201s2018 xx 000 0 und d aALI, Mohammed  0aTextbook of Inorganic pharmaceutical Chemistry 1 bCBS PubaNew delhic2018 a314 aPharmaceutical Inorganic Chemistry 2ddccBK04 c8234d8234 00102ddc40708DPaPIETbPIETd2019-03-25eKirti Prakashang350.00kIN 3049l1o615.19 ALTpDP148r2023-05-23 00:00:00s2023-05-11v225.75w2019-03-08yBK 00102ddc40708DPaPIETbPIETd2019-03-25eKirti Prakashang350.00kIN 3049l2o615.19 ALTpDP149r2021-08-18 00:00:00s2021-08-06v225.75w2019-03-08yBK 00102ddc40708DPaPIETbPIETd2019-03-25eKirti Prakashang350.00kIN 3049l2o615.19 ALTpDP150r2021-08-11 00:00:00s2021-07-26v225.75w2019-03-08yBK